[Event "1st Sharjah Masters 2017"]
[Site "masterchessopen.com Sharjah UAE"]
[Date "2017.03.27"]
[Round "5.34"]
[White "Nikhil,Magizhnan"]
[Black "Yakubboev,Nodirbek"]
[Result "0-1"]
[WhiteElo "2077"]
[BlackElo "2427"]

1.e4 e5 2.Nf3 Nc6 3.Bb5 a6 4.Ba4 Nf6 5.O-O Be7 6.Re1 b5 7.Bb3 d6 8.c3 O-O 9.d3
Na5 10.Bc2 c5 11.Nbd2 Re8 12.Nf1 Bf8 13.Bg5 h6 14.Bh4 g5 15.Bg3 Bg7 16.Ne3 Nh5
17.a4 Be6 18.axb5 axb5 19.Nd2 Nf4 20.Bxf4 exf4 21.Nd5 Rb8 22.Nb3 Nc6 23.d4
cxd4 24.cxd4 Bxd5 25.exd5 Rxe1+ 26.Qxe1 Nxd4 27.Nxd4 Bxd4 28.Qe4 Qf6 29.Re1
Bxb2 30.Qh7+ Kf8 31.h3 Bc3 32.Rb1 b4 33.Bb3 Re8 34.Qd3 Re5 35.Kh2 h5 36.Qf3
Qf5 37.Rd1 g4 38.Qd3 Qxd3 39.Rxd3 f5 40.Rd1 Re2 41.Kg1 Ke7 42.Bc4 Rb2 43.Kf1
Kf6 {#R} 0-1

[Event "Queen City IM Norm 2017"]
[Site "masterchessopen.com Manchester USA"]
[Date "2017.03.27"]
[Round "9.1"]
[White "Gorti,Akshita"]
[Black "Ivanov,AV USA"]
[Result "0-1"]
[WhiteElo "2215"]
[BlackElo "2480"]
[EventType "tourn"]

1.d4 Nf6 2.c4 e6 3.Nc3 Bb4 4.e3 b6 5.Ne2 c5 6.a3 Ba5 7.Rb1 Na6 8.g3 Bb7 9.d5
Ne4 10.Bg2 Bxc3+ 11.Nxc3 Nxc3 12.bxc3 O-O 13.O-O e5 14.a4 d6 15.e4 Nb8 16.Re1
Ba6 17.Bf1 Nd7 18.Bd3 Qe7 19.f4 exf4 20.gxf4 Rae8 21.Bd2 f6 22.Ra1 Qf7 23.a5
Bc8 24.Kh1 f5 25.exf5 Rxe1+ 26.Qxe1 Re8 27.Qg3 bxa5 28.Rxa5 Nf6 29.Qg2 Re7
30.Rb5 Qh5 31.Rb8 Qd1+ 32.Bf1 Re8 33.Kg1 a5 34.Ra8 a4 35.Be3 Bxf5 36.Rxe8+
Nxe8 37.Qe2 Qxe2 38.Bxe2 a3 39.Bc1 a2 40.Bb2 Nf6 41.Kf2 Bc2 42.Ke3 Nd7 43.Kd2
Bb3 {#R} 0-1

[Event "Queen City IM Norm 2017"]
[Site "masterchessopen.com Manchester USA"]
[Date "2017.03.27"]
[Round "9.2"]
[White "Sarkar,J"]
[Black "Kumar,Nikhil"]
[Result "1-0"]
[WhiteElo "2383"]
[BlackElo "2444"]
[EventType "tourn"]

1.e4 c6 2.d4 d5 3.e5 Bf5 4.h4 h5 5.Bd3 Bxd3 6.Qxd3 e6 7.Bg5 Be7 8.Nf3 Nh6
9.Nbd2 Nf5 10.c4 Na6 11.c5 Nc7 12.Rc1 Qd7 13.Bxe7 Qxe7 14.Nf1 Qd7 15.Ne3 b6
16.O-O O-O 17.Rc2 b5 18.Re2 Nxe3 19.fxe3 Qe7 20.Ref2 Ne8 21.Ng5 f5 22.exf6
Nxf6 23.Qg6 Rad8 24.Rxf6 Rxf6 25.Qh7+ {#r} 1-0

[Event "Shanghai Gulf Cup 2017"]
[Site "masterchessopen.com Shanghai CHN"]
[Date "2017.03.27"]
[Round "1.1"]
[White "Xu,Yi"]
[Black "Chen,Qi b"]
[Result "1-0"]
[WhiteElo "2444"]
[BlackElo "2328"]

1.e4 c5 2.Nf3 d6 3.d4 cxd4 4.Nxd4 Nf6 5.Nc3 a6 6.Bg5 e6 7.f4 b5 8.e5 dxe5
9.fxe5 Qc7 10.exf6 Qe5+ 11.Be2 Qxg5 12.Rg1 {#r} 1-0

[Event "Shanghai Gulf Cup 2017"]
[Site "masterchessopen.com Shanghai CHN"]
[Date "2017.03.27"]
[Round "1.2"]
[White "Xu,Minghui"]
[Black "Wang,Tongsen"]
[Result "0-1"]
[WhiteElo "2283"]
[BlackElo "2385"]

1.Nf3 d5 2.g3 Nf6 3.Bg2 Bf5 4.O-O c6 5.d3 e6 6.Nbd2 Be7 7.Nh4 Bg4 8.h3 Bh5
9.f4 Nbd7 10.Ndf3 Qb6+ 11.Kh1 Bxf3 12.Nxf3 O-O 13.b3 d4 14.Bb2 c5 15.e4 dxe3
16.c4 Rad8 17.Qe2 Nb8 18.Qxe3 Nc6 19.f5 Rd6 20.fxe6 Rxe6 21.Qf2 Nh5 22.Rfe1
Bd6 23.Rxe6 Nxg3+ 24.Kg1 fxe6 25.Re1 Nd8 26.Qd2 Nf5 27.Re4 Qc7 28.Qe1 Bg3
29.Qd2 h6 30.a3 Qd6 31.Rg4 Nf7 32.Qe2 Rd8 33.Bf1 Bf4 34.Qg2 g5 35.Qc2 Ne3
36.Qc3 e5 37.Be2 Nxg4 38.hxg4 Qe6 39.Nd2 h5 40.Ne4 hxg4 41.Qa5 Qh6 42.Qxc5
Qh2+ 43.Kf1 g3 44.Qg1 Kg7 45.Qg2 b6 {#R} 0-1

[Event "Shanghai Gulf Cup 2017"]
[Site "masterchessopen.com Shanghai CHN"]
[Date "2017.03.27"]
[Round "2.2"]
[White "Dai,Changren"]
[Black "Peng,Xiongjian"]
[Result "0-1"]
[WhiteElo "2438"]
[BlackElo "2423"]

1.e4 e5 2.Nf3 Nc6 3.Bb5 a6 4.Ba4 Nf6 5.O-O Be7 6.Re1 b5 7.Bb3 d6 8.c3 O-O 9.h3
Bb7 10.d4 Re8 11.Ng5 Rf8 12.Nf3 Re8 13.Nbd2 exd4 14.cxd4 Nd7 15.Nf1 Na5 16.Bc2
Bf6 17.Bf4 g6 18.b3 c5 19.Bxd6 cxd4 20.N1h2 Nc6 21.Ng4 Bg7 22.Qd2 d3 23.Bxd3
Bxa1 24.Rxa1 Nf6 25.Nh6+ Kg7 26.Nf5+ gxf5 27.Qg5+ Kh8 28.e5 Re6 29.Qxf5 Rxd6
30.exf6 Rxd3 31.Ng5 Qg8 {#R} 0-1

[Event "Baltic Zonal Vilnius 2017"]
[Site "masterchessopen.com Vilnius LTU"]
[Date "2017.03.27"]
[Round "9.2"]
[White "Klabis,R"]
[Black "Kulaots,K"]
[Result "0-1"]
[WhiteElo "2252"]
[BlackElo "2582"]

1.e4 c5 2.Nc3 Nc6 3.Nf3 d6 4.d4 cxd4 5.Nxd4 Nf6 6.Be3 Ng4 7.Bg5 h6 8.Bh4 g5
9.Bg3 Bg7 10.Bb5 Qb6 11.Nxc6 bxc6 12.Nd5 Qc5 13.Nc7+ Kf8 14.O-O Rb8 15.Na6
Qxb5 16.Nxb8 Qxb8 17.h3 Ne5 18.f4 gxf4 19.Bxf4 Qb6+ 20.Kh1 Ba6 21.Bxe5 Bxe5
22.Rf3 Bc4 23.c3 Qxb2 24.Rb1 Qe2 25.Qc1 Kg7 26.Rb7 Rg8 27.Re3 Qxa2 28.Rb2 Qa3
29.Qb1 Kh7 30.Rb7 Re8 31.Rf3 a5 32.Qe1 Qc5 33.Qh4 Bf6 34.Qe1 Qe5 35.Qb1 Rg8
36.Rb2 Rg5 37.Rbf2 Kg7 38.Kg1 a4 39.Qb6 Qxe4 40.h4 Rb5 41.Rg3+ Kh7 42.Qd8 Rb1+
{#R} 0-1

[Event "Baltic Zonal Vilnius 2017"]
[Site "masterchessopen.com Vilnius LTU"]
[Date "2017.03.27"]
[Round "9.7"]
[White "Brazdzionis,A"]
[Black "Bernotas,A"]
[Result "0-1"]
[WhiteElo "2288"]
[BlackElo "2332"]

1.d4 Nf6 2.Nf3 e6 3.c4 b6 4.a3 Ba6 5.Qc2 c5 6.d5 exd5 7.cxd5 g6 8.e4 Bxf1
9.Kxf1 Bg7 10.Nc3 O-O 11.e5 Ng4 12.Bf4 f6 13.e6 Ne5 14.Bxe5 fxe5 15.Re1 dxe6
16.dxe6 Nc6 17.Qe4 Rc8 18.h4 Rf4 19.Qe3 Qd6 20.h5 Rcf8 21.Ne4 Qxe6 22.Nfg5
Qc4+ 23.Kg1 h6 24.Nh3 Nd4 25.Nxf4 exf4 26.Qh3 Ne2+ 27.Rxe2 Qxe2 28.Qe6+ Kh8
29.hxg6 Qd1+ 30.Kh2 Qh5+ 31.Kg1 Qd1+ 32.Kh2 Qh5+ 33.Kg1 Qf5 34.Qc6 f3 35.Rh4
fxg2 36.Kxg2 Qf3+ 37.Kg1 Rd8 {#R} 0-1

[Event "Baltic Zonal Vilnius 2017"]
[Site "masterchessopen.com Vilnius LTU"]
[Date "2017.03.27"]
[Round "9.8"]
[White "Seeman,T"]
[Black "Zagorskis,D"]
[Result "1-0"]
[WhiteElo "2411"]
[BlackElo "2466"]

1.Nf3 Nf6 2.b3 g6 3.Bb2 Bg7 4.g3 O-O 5.Bg2 d5 6.c4 e6 7.O-O b6 8.Nc3 Bb7 9.e3
c5 10.cxd5 Nxd5 11.d4 Nd7 12.Nxd5 Bxd5 13.Qe2 Rc8 14.Rac1 Rc7 15.dxc5 Bxb2
16.Qxb2 Rxc5 17.Rxc5 Nxc5 18.b4 Nd7 19.Rd1 Qf6 20.Qe2 Rc8 21.e4 Bc4 22.Qd2 Bb5
23.h4 Qc3 24.Qd6 Nf6 25.e5 Ne4 26.Qe7 Qc2 27.Rd8+ Rxd8 28.Qxd8+ Kg7 29.Qd4 Nc3
30.Kh2 Nxa2 31.Ng5 h6 32.Ne4 Bc6 33.Nf6 Qc3 34.Qxc3 Nxc3 35.Bxc6 a5 36.bxa5
bxa5 37.Ne4 {#r} 1-0

[Event "Baltic Zonal Vilnius 2017"]
[Site "masterchessopen.com Vilnius LTU"]
[Date "2017.03.27"]
[Round "9.9"]
[White "Sirosh,Ilja"]
[Black "Jezov,Roman"]
[Result "0-1"]
[WhiteElo "2283"]
[BlackElo "2298"]

1.Nf3 c5 2.e4 d6 3.d4 cxd4 4.Nxd4 Nf6 5.Nc3 g6 6.Be3 Bg7 7.f3 O-O 8.Qd2 Nc6
9.O-O-O d5 10.Kb1 Nxd4 11.e5 Nf5 12.exf6 exf6 13.Bc5 d4 14.Bxf8 Qxf8 15.Ne2
Ne3 16.Rc1 Nc4 17.Qxd4 b5 18.c3 Bf5+ 19.Ka1 Rd8 20.Qf2 Rd2 21.Qxa7 Rd7 22.Qf2
Rd2 23.Qa7 Rd7 24.Qf2 Nd2 25.b4 {#R} 0-1

[Event "11th ch-SRB 2017"]
[Site "masterchessopen.com Kragujevac SRB"]
[Date "2017.03.27"]
[Round "5.2"]
[White "Milanovic,Da"]
[Black "Pap,M"]
[Result "1-0"]
[WhiteElo "2502"]
[BlackElo "2493"]

1.d4 Nf6 2.c4 e6 3.Nc3 Bb4 4.e3 b6 5.Ne2 c5 6.a3 Ba5 7.g3 Bb7 8.d5 b5 9.Bg2
bxc4 10.O-O O-O 11.e4 d6 12.dxe6 fxe6 13.e5 Bxg2 14.Kxg2 dxe5 15.Qa4 Bxc3
16.Nxc3 Qe7 17.Qxc4 Nc6 18.Ne4 Nd4 19.Nxc5 Nd7 20.Ne4 Rac8 21.Bg5 Qf7 22.Qd3
Rc2 23.Rac1 Rxb2 24.a4 Qf5 25.Rc3 Re2 26.Be3 Qf3+ 27.Kh3 Qh5+ 28.Kg2 Qf3+
29.Kh3 Rf5 30.Ng5 Qh5+ 31.Kg2 Rxg5 32.Bxg5 Qxg5 33.Rc4 Rd2 34.Qe4 Nb6 35.Rc7
Nd5 36.Rxa7 Qe3 37.Qg4 Qh6 38.Qe4 Nf5 39.Rb1 Nfe3+ 40.Kg1 Rd1+ 41.Rxd1 Nxd1
42.Qc4 Qf6 43.Qc8+ Qf8 44.Qxe6+ Kh8 45.Rf7 Qd8 46.Rd7 Qf8 47.Qf5 Qg8 48.Qxe5
N1c3 49.Qd6 Ne2+ 50.Kf1 {#r} 1-0

[Event "11th ch-SRB 2017"]
[Site "masterchessopen.com Kragujevac SRB"]
[Date "2017.03.27"]
[Round "5.4"]
[White "Todorovic,GM"]
[Black "Irizanin,R"]
[Result "1-0"]
[WhiteElo "2457"]
[BlackElo "2348"]

1.e4 c5 2.c3 d6 3.d4 Nd7 4.Nf3 Qc7 5.Bd3 Ngf6 6.O-O e5 7.b4 c4 8.Bc2 Be7 9.Qe2
O-O 10.Na3 Nb6 11.Nb5 Qb8 12.a4 Bd7 13.dxe5 dxe5 14.Be3 a6 15.Bxb6 axb5
16.axb5 Rxa1 17.Rxa1 Bxb5 18.Ra5 Qe8 19.Nxe5 Bd6 20.f4 Kh8 21.Bd4 Bc7 22.Ra1
Nd7 23.Nxd7 Qxd7 24.e5 f5 25.exf6 gxf6 26.Re1 Bc6 27.Qh5 Qg7 28.Be4 Bxf4
29.Bxc6 bxc6 30.Re6 Kg8 31.Bc5 Qd7 32.Qg4+ Bg5 33.Bxf8 h5 34.Qxc4 Kxf8 35.Re1
Qd2 36.Rf1 Kg7 37.Qxc6 Qe2 38.Qb7+ Kh6 39.Qf3 Qd2 40.h4 Be3+ 41.Kh1 {#r} 1-0

[Event "90th ch-St Petersburg"]
[Site "masterchessopen.com St Petersburg RUS"]
[Date "2017.03.27"]
[Round "10.6"]
[White "Usmanov,V"]
[Black "Pershin,Denis"]
[Result "0-1"]
[WhiteElo "2443"]
[BlackElo "2306"]

1.c4 e5 2.Nc3 Nf6 3.Nf3 Nc6 4.e3 Bb4 5.Qc2 O-O 6.Nd5 Be7 7.a3 a5 8.Be2 Re8
9.O-O Bf8 10.d4 d6 11.Nxf6+ Qxf6 12.d5 Nb8 13.e4 b6 14.b3 g6 15.Be3 Qd8 16.b4
f5 17.exf5 gxf5 18.Rac1 Qf6 19.Nd2 Bh6 20.Bxh6 Qxh6 21.c5 axb4 22.cxb6 cxb6
23.axb4 Bb7 24.Qxf5 Bxd5 25.Ne4 Rf8 26.Qg4+ Kh8 27.Rfd1 Nc6 28.Ng5 Nd4 29.Rxd4
exd4 30.Qxd4+ Qf6 31.Qxf6+ Rxf6 32.Rd1 Ra2 33.Bb5 Bb3 34.Ne4 Bxd1 35.Nxf6 Ra1
36.Bf1 Be2 {#R} 0-1

[Event "ch-ROU 2017"]
[Site "masterchessopen.com Calimanesti-Caciulata ROU"]
[Date "2017.03.27"]
[Round "3.3"]
[White "Deac,Bogdan-Daniel"]
[Black "Costachi,M"]
[Result "1-0"]
[WhiteElo "2584"]
[BlackElo "2460"]

1.d4 Nf6 2.c4 g6 3.f3 Bg7 4.e4 d6 5.Ne2 O-O 6.Be3 c5 7.Qd2 Nc6 8.d5 Ne5 9.Nec3
e6 10.Be2 exd5 11.cxd5 h5 12.Bg5 a6 13.a4 Qe8 14.Bh6 Nh7 15.Bxg7 Kxg7 16.f4
Ng4 17.O-O Qd8 18.Na3 Rb8 19.Bxg4 hxg4 20.e5 dxe5 21.fxe5 Qg5 22.Qxg5 Nxg5
23.Nc4 Re8 24.a5 Bd7 25.Rfe1 Re7 26.Nb6 Bb5 27.d6 Ree8 28.Ncd5 Rh8 29.Rac1 Ne6
30.Nc7 Bc6 31.Nxe6+ fxe6 32.Rxc5 Rh5 33.g3 Rf8 34.Rc2 Rhf5 35.Nc4 R8f7 36.Rd2
Kf8 37.Red1 Bd7 38.Rd4 Rf2 39.R4d2 R2f3 40.Nb6 Re3 41.Rf2 Rxf2 42.Nxd7+ Ke8
43.Nc5 Ree2 44.d7+ Kf7 45.Ne4 Rg2+ 46.Kf1 Rxh2 47.d8=Q {#r} 1-0

[Event "ch-ROU 2017"]
[Site "masterchessopen.com Calimanesti-Caciulata ROU"]
[Date "2017.03.27"]
[Round "3.4"]
[White "Anton,T"]
[Black "Istratescu,A"]
[Result "1-0"]
[WhiteElo "2412"]
[BlackElo "2579"]

1.Nf3 c5 2.c4 Nc6 3.g3 Nf6 4.Bg2 d5 5.cxd5 Nxd5 6.Nc3 Nc7 7.O-O e5 8.d3 Be7
9.Nd2 Bd7 10.Nc4 f6 11.a4 O-O 12.f4 exf4 13.Bxf4 Kh8 14.Nb5 Ne6 15.Bd6 b6
16.e3 Bxd6 17.Nbxd6 Rb8 18.Qh5 g6 19.Qh4 Kg7 20.g4 Nb4 21.Qg3 Bc6 22.Bxc6 Nxc6
23.d4 Na5 24.Nxa5 bxa5 25.dxc5 Rxb2 26.c6 Qc7 27.Rac1 Rb6 28.g5 Rd8 29.gxf6+
Kf8 30.Nb7 Qxg3+ 31.hxg3 Rc8 32.e4 Nd4 33.Rcd1 Ne2+ 34.Kf2 Nc3 35.Rd8+ Rxd8
36.Nxd8 Nxe4+ 37.Ke3 Nd6 38.f7 Rb3+ 39.Kd4 Nf5+ 40.Rxf5 {#r} 1-0

[Event "ch-ROU 2017"]
[Site "masterchessopen.com Calimanesti-Caciulata ROU"]
[Date "2017.03.27"]
[Round "3.11"]
[White "Ursan,Petru-Sebastian"]
[Black "Bida,M"]
[Result "0-1"]
[WhiteElo "2155"]
[BlackElo "2449"]

1.c4 e5 2.g3 d6 3.Bg2 f5 4.d4 Nd7 5.Nc3 Ngf6 6.Nf3 e4 7.Ng5 Nb6 8.h4 c6 9.b3
Be7 10.O-O h6 11.Nh3 Nh5 12.e3 g6 13.Ba3 Nd7 14.Nxe4 fxe4 15.Bxe4 Rg8 16.Bxg6+
Rxg6 17.Qxh5 Nf8 18.Nf4 Bg4 19.Qxg6+ Nxg6 20.Nxg6 Kf7 21.Nf4 Bf3 {#R} 0-1

[Event "ch-ROU 2017"]
[Site "masterchessopen.com Calimanesti-Caciulata ROU"]
[Date "2017.03.27"]
[Round "3.14"]
[White "Stancu,Robert-Alexandru"]
[Black "Toma,Ra"]
[Result "0-1"]
[WhiteElo "2088"]
[BlackElo "2378"]

1.d4 Nf6 2.Nf3 e6 3.c4 b6 4.g3 Ba6 5.b3 Bb4+ 6.Bd2 Be7 7.Bg2 O-O 8.O-O c6
9.Qc2 d5 10.Rd1 Nbd7 11.Bf4 Rc8 12.Ne5 Nxe5 13.Bxe5 Qe8 14.Nd2 Ng4 15.Nf3 c5
16.cxd5 cxd4 17.Qd2 Nxe5 18.Nxe5 exd5 19.Qxd4 Bxe2 20.Re1 Rc2 21.Qxd5 Bc5
22.Qe4 Bxf2+ 23.Kh1 Bxe1 24.Rxe1 Rxa2 25.Rxe2 Rxe2 26.Qxe2 Qe6 27.Qb5 a6
28.Qd5 Qf5 29.h3 Re8 30.Nc6 Qf2 31.Kh2 g6 32.Ne5 Qf5 33.Ng4 Qxd5 34.Nf6+ Kf8
35.Nxd5 Kg7 36.Nc7 Re3 37.Bd5 Re2+ 38.Kg1 Rd2 39.Bc4 b5 40.Bf1 Rb2 41.Nxa6
Rxb3 42.Kg2 Rb2+ 43.Kf3 b4 44.Nc5 Rc2 45.Ne4 f5 {#R} 0-1

[Event "ch-ROU 2017"]
[Site "masterchessopen.com Calimanesti-Caciulata ROU"]
[Date "2017.03.27"]
[Round "3.15"]
[White "Posedaru,B"]
[Black "Antonica,Dragos-Andrei"]
[Result "1-0"]
[WhiteElo "2338"]
[BlackElo "2088"]

1.d4 Nf6 2.c4 e6 3.Nc3 Bb4 4.Qc2 b6 5.e4 c5 6.d5 Bxc3+ 7.Qxc3 Nxe4 8.Qxg7 Qf6
9.Qxf6 Nxf6 10.Bg5 Ne4 11.Bh4 exd5 12.O-O-O d4 13.f3 f5 14.fxe4 fxe4 15.g3 Bb7
16.Bg2 Na6 17.Nh3 O-O 18.Rhe1 d5 19.Nf4 Rfe8 20.Nxd5 Bxd5 21.cxd5 e3 22.d6
Rad8 23.Bc6 Nb8 24.Bxe8 Rxe8 25.Kc2 Nd7 26.Be7 Kf7 27.Rf1+ Ke6 28.Rf4 Kd5
29.Rf5+ Kc6 30.Kd3 b5 31.b4 Nb6 32.Rxc5+ Kd7 33.Kxd4 Nc4 34.Rxc4 bxc4 35.Kxe3
Rb8 36.a3 a5 37.bxa5 Rb3+ 38.Kd4 Rxa3 39.Kxc4 Rxa5 40.Rd4 h5 41.Rd5 Ra4+
42.Kb3 Ra8 43.Rxh5 Rb8+ 44.Kc4 Rc8+ 45.Rc5 Rh8 46.h4 Rg8 47.Kd5 Ra8 48.Rc7+
Ke8 49.Ke6 Rd8 50.Rc8 {#r} 1-0

[Event "ch-ROU 2017"]
[Site "masterchessopen.com Calimanesti-Caciulata ROU"]
[Date "2017.03.27"]
[Round "3.17"]
[White "Vrencian,Lehel"]
[Black "Olinici,Emanuel"]
[Result "1-0"]
[WhiteElo "2296"]
[BlackElo "2069"]

1.d4 Nf6 2.Nf3 g6 3.Bf4 Bg7 4.e3 O-O 5.h3 d6 6.Bh2 c6 7.Be2 b5 8.c3 a5 9.a4
Ba6 10.O-O Qb6 11.Nbd2 d5 12.b4 bxa4 13.bxa5 Bxe2 14.axb6 Bxd1 15.Rfxd1 Nfd7
16.Rdb1 c5 17.Rb5 Ra6 18.Bc7 c4 19.Rxd5 Nxb6 20.Bxb6 Rxb6 21.Rxa4 Rc6 22.Rxc4
Rfc8 23.Rxc6 Nxc6 24.Rc5 e6 25.e4 Ne7 26.Rxc8+ Nxc8 27.Kf1 Kf8 28.Ke2 Ke7
29.Kd3 h6 30.c4 Kd7 31.Nb3 Ne7 32.d5 f6 {#r} 1-0

[Event "ch-ROU 2017"]
[Site "masterchessopen.com Calimanesti-Caciulata ROU"]
[Date "2017.03.27"]
[Round "3.19"]
[White "David,Aurelian-Corneliu"]
[Black "Gilea,L"]
[Result "0-1"]
[WhiteElo "2051"]
[BlackElo "2255"]

1.c4 Nf6 2.Nc3 c6 3.Nf3 d5 4.e3 a6 5.Qb3 e6 6.a4 c5 7.d3 Nc6 8.Be2 d4 9.Ne4
Nxe4 10.dxe4 e5 11.O-O Be7 12.exd4 cxd4 13.Ne1 Be6 14.f4 exf4 15.Bxf4 O-O
16.Qd3 Qb6 17.Nc2 Na5 18.b4 Bxc4 19.Qxd4 Qxd4+ 20.Nxd4 Bxe2 21.Nxe2 Bxb4
22.Kh1 Rfe8 23.Ng3 Nc6 24.Rab1 f6 25.Rfc1 Rad8 26.h4 a5 27.Rc2 Rd3 28.Rbc1 Re6
29.Kh2 g5 30.hxg5 fxg5 31.Rxc6 bxc6 32.Bc7 c5 33.Rf1 c4 34.Rf5 c3 35.Rxg5+ Rg6
{#R} 0-1

[Event "ch-ROU 2017"]
[Site "masterchessopen.com Calimanesti-Caciulata ROU"]
[Date "2017.03.27"]
[Round "3.20"]
[White "Banzea,Alexandru-Bogdan"]
[Black "Ghimpu,Samuel-Timotei"]
[Result "1-0"]
[WhiteElo "2232"]
[BlackElo "2007"]

1.e4 e6 2.d3 c5 3.Nf3 Nc6 4.g3 g6 5.d4 cxd4 6.Nxd4 e5 7.Nb5 d6 8.c4 a6 9.N5a3
Nge7 10.Nc3 Bg7 11.Bg2 O-O 12.O-O Be6 13.Nd5 Bxd5 14.cxd5 Nd4 15.Nc2 f5
16.Nxd4 exd4 17.exf5 Nxf5 18.Qd3 Qd7 19.Bd2 Rac8 20.Rfe1 Qb5 21.Be4 Qd7 22.a4
Qf7 23.Rf1 Rfe8 24.Rac1 Qd7 25.b3 Qf7 26.Rxc8 Rxc8 27.Rc1 Rxc1+ 28.Bxc1 Qe7
29.Bb2 Qe5 30.b4 Ne7 31.f4 Qf6 32.b5 axb5 33.Qxb5 g5 34.Bc1 gxf4 35.Bxf4 Bh6
36.Bxh6 Qxh6 37.Qe8+ Qf8 38.Bxh7+ Kg7 39.Qxf8+ Kxf8 40.Be4 Kf7 41.Kf2 Kf6
42.Ke2 Kg5 43.h3 Ng8 44.Kd3 Nf6 45.Bf3 {#r} 1-0

[Event "ch-ROU 2017"]
[Site "masterchessopen.com Calimanesti-Caciulata ROU"]
[Date "2017.03.27"]
[Round "3.21"]
[White "Toma,Al"]
[Black "Tufa,M"]
[Result "1-0"]
[WhiteElo "2199"]
[BlackElo "1983"]

1.e4 c5 2.Nf3 Nc6 3.Nc3 Nf6 4.Be2 Nd4 5.O-O Nxe2+ 6.Qxe2 e6 7.e5 Nd5 8.Nxd5
exd5 9.Qd3 d4 10.c3 dxc3 11.dxc3 Be7 12.Bf4 O-O 13.Rad1 a5 14.a4 Qb6 15.c4 Qc6
16.b3 Rd8 17.Bg5 f6 18.exf6 Bxf6 19.Ne5 Qe6 20.Bxf6 gxf6 21.Nf3 d6 22.Rfe1 Qf7
23.Qe4 Ra6 24.Rd3 Rb6 25.Nh4 Bd7 26.Rde3 Kf8 27.Qf4 Re8 28.Qh6+ Kg8 29.Rg3+
Kh8 30.Rxe8+ {#r} 1-0

[Event "ch-ROU 2017"]
[Site "masterchessopen.com Calimanesti-Caciulata ROU"]
[Date "2017.03.27"]
[Round "3.26"]
[White "Anuta,L"]
[Black "Luca,Ionel"]
[Result "0-1"]
[WhiteElo "1968"]
[BlackElo "2089"]

1.Nf3 Nf6 2.b3 b6 3.Bb2 Bb7 4.e3 g6 5.Be2 Bg7 6.O-O O-O 7.c4 d6 8.d4 Nfd7
9.Qc2 e5 10.Nbd2 Qe7 11.dxe5 dxe5 12.Ne4 f5 13.Nc3 e4 14.Nd2 c6 15.a4 Na6
16.Na2 Ne5 17.Rad1 Rad8 18.Rfe1 Nc5 19.Nc1 Ncd3 20.Bxd3 exd3 21.Qb1 c5 22.f4
Ng4 23.Nf1 d2 24.Re2 dxc1=Q 25.Rxc1 Be4 26.Qa1 Rd3 27.Bxg7 Qxg7 28.Qxg7+ Kxg7
29.h3 Nf6 30.Rb2 a5 31.Re1 Rfd8 32.Ree2 Rd1 33.Red2 R8xd2 34.Rxd2 Rxd2 35.Nxd2
Bc2 36.g4 Ne4 37.Nf3 Bxb3 38.Ne5 Nd6 39.e4 Nxc4 {#R} 0-1

[Event "ch-ROU 2017"]
[Site "masterchessopen.com Calimanesti-Caciulata ROU"]
[Date "2017.03.27"]
[Round "3.30"]
[White "Ognean,Mihnea-Ionut"]
[Black "Dracea,Gheorghe"]
[Result "1-0"]
[WhiteElo "2128"]
[BlackElo "1900"]

1.e4 e5 2.Nf3 Nc6 3.d4 exd4 4.Nxd4 Nf6 5.Nxc6 bxc6 6.e5 Qe7 7.Qe2 Nd5 8.c4 Nb6
9.Nc3 Ba6 10.Qe4 Qe6 11.f4 g6 12.b3 Bb4 13.Bd2 Bxc3 14.Bxc3 d5 15.Qf3 dxc4
16.Be2 O-O 17.O-O Rad8 18.Qg3 f5 19.exf6 Qxe2 20.f5 Rd3 21.Qxc7 Rd7 22.Qg3 Rd3
23.fxg6 Rxg3 24.f7+ Rxf7 25.gxf7+ Kf8 26.Bb4+ {#r} 1-0

[Event "ch-ROU 2017"]
[Site "masterchessopen.com Calimanesti-Caciulata ROU"]
[Date "2017.03.27"]
[Round "3.31"]
[White "Craciun,O"]
[Black "Zubcu,Vlad-George"]
[Result "0-1"]
[WhiteElo "1903"]
[BlackElo "2127"]

1.e4 e5 2.Nf3 Nc6 3.d4 exd4 4.Nxd4 Nf6 5.Nxc6 bxc6 6.e5 Qe7 7.Qe2 Nd5 8.c4 Nb6
9.b3 Qe6 10.Bb2 a5 11.a3 Ba6 12.Nd2 Be7 13.Qe4 Rd8 14.f4 d5 15.exd6 Qxd6
16.O-O-O O-O 17.Be2 f5 18.Qf3 Bf6 19.Nb1 Bxb2+ 20.Kxb2 Qc5 21.Nc3 Rb8 22.Kc2
Rfe8 23.Ra1 Re3 24.Qf1 a4 25.b4 Qd4 26.Qe1 Bxc4 {#R} 0-1

[Event "ch-ROU 2017"]
[Site "masterchessopen.com Calimanesti-Caciulata ROU"]
[Date "2017.03.27"]
[Round "3.32"]
[White "Oprisoni,G"]
[Black "Vasiliu,Cosmin"]
[Result "0-1"]
[WhiteElo "1882"]
[BlackElo "2052"]

1.d4 Nf6 2.Bf4 d6 3.e3 g6 4.Nf3 Bg7 5.h3 Nbd7 6.Be2 O-O 7.O-O Ne8 8.c3 b6
9.Nbd2 Bb7 10.Re1 h6 11.Bc4 e5 12.dxe5 dxe5 13.Bg3 Qe7 14.Qc2 Nd6 15.Be2 f5
16.Bh2 Kh8 17.Red1 g5 18.Ne1 f4 19.e4 Nf6 20.f3 h5 21.Kf1 g4 22.hxg4 hxg4
23.Nc4 Nfe8 24.Nxd6 Nxd6 25.Bg1 Rf6 26.b4 Rh6 27.c4 Rh1 28.Bd3 g3 29.c5 Qh4
30.cxd6 Qh2 31.Qe2 Qxg1# 0-1

[Event "1st Sharjah Masters 2017"]
[Site "masterchessopen.com Sharjah UAE"]
[Date "2017.03.26"]
[Round "4.6"]
[White "Kravtsiv,M"]
[Black "Cholleti,S"]
[Result "1-0"]
[WhiteElo "2641"]
[BlackElo "2120"]

1.e4 c5 2.Nf3 d6 3.Bb5+ Nd7 4.O-O Nf6 5.Re1 a6 6.Bd3 b6 7.c3 Ne5 8.Bf1 Bg4
9.d4 Nxf3+ 10.gxf3 Bh5 11.dxc5 dxc5 12.Qxd8+ Kxd8 13.Nd2 e6 14.Nc4 Kc7 15.Bg2
Rd8 16.a4 Be7 17.Bf4+ Kb7 18.Bg3 b5 19.Na3 Kb6 20.axb5 axb5 21.c4 b4 22.Nb5
Rd7 23.e5 Ne8 24.Ra8 {#r} 1-0

[Event "1st Sharjah Masters 2017"]
[Site "masterchessopen.com Sharjah UAE"]
[Date "2017.03.26"]
[Round "4.11"]
[White "Nishant,M"]
[Black "Adly,A"]
[Result "0-1"]
[WhiteElo "2198"]
[BlackElo "2593"]

1.d4 Nf6 2.c4 e6 3.g3 d5 4.Nf3 c5 5.Bg2 cxd4 6.O-O Bc5 7.Nxd4 Nc6 8.Nb3 Bb6
9.c5 Bc7 10.Nc3 O-O 11.e4 d4 12.Nb5 e5 13.Bg5 Be6 14.Rc1 Bb8 15.Bd2 a6 16.Na3
a5 17.Nc4 a4 18.Na1 Nd7 19.b4 axb3 20.Qxb3 Nxc5 21.Qb5 Rxa2 22.Rfd1 Ba7 23.Nb3
Nd3 24.Ra1 Nxf2 25.Kxf2 d3+ 26.Ne3 Bxb3 27.Qxb3 Bxe3+ 28.Kxe3 Rxa1 {#R} 0-1

[Event "Queen City IM Norm 2017"]
[Site "masterchessopen.com Manchester USA"]
[Date "2017.03.26"]
[Round "7.1"]
[White "Sarkar,J"]
[Black "Ivanov,AV USA"]
[Result "1-0"]
[WhiteElo "2383"]
[BlackElo "2480"]

1.d4 Nf6 2.c4 e6 3.Nc3 Bb4 4.Qc2 d5 5.cxd5 exd5 6.Bg5 h6 7.Bh4 c5 8.dxc5 Be6
9.e3 O-O 10.a3 Bxc3+ 11.Qxc3 g5 12.Bg3 Ne4 13.Qc2 Nd7 14.f3 Nxg3 15.hxg3 Qf6
16.Ne2 Rac8 17.Qc3 Rxc5 18.Qxf6 Nxf6 19.Nd4 Kg7 20.Bd3 Nd7 21.Ke2 Ne5 22.Rac1
Nxd3 23.Kxd3 Rfc8 24.Rxc5 Rxc5 25.Kd2 Bd7 26.g4 Kg6 27.Rc1 Rxc1 28.Kxc1 h5
29.gxh5+ Kxh5 30.g3 Kg6 31.Kd2 Kf6 32.f4 Kg6 33.Nf3 f6 34.fxg5 Bg4 35.Nh4+
Kxg5 36.Kc3 Be6 37.Kd4 Kg4 38.Ng6 Kxg3 39.Nf4 Bf7 40.Nd3 {#r} 1-0

[Event "Queen City IM Norm 2017"]
[Site "masterchessopen.com Manchester USA"]
[Date "2017.03.26"]
[Round "8.1"]
[White "Ivanov,AV USA"]
[Black "Bregadze,L"]
[Result "0-1"]
[WhiteElo "2480"]
[BlackElo "2453"]
[EventType "tourn"]

1.e4 c5 2.Nf3 Nc6 3.Bb5 d6 4.O-O Bg4 5.h3 Bh5 6.c3 a6 7.Bxc6+ bxc6 8.d4 cxd4
9.cxd4 e6 10.Qa4 Qd7 11.Nfd2 d5 12.Nc3 Bd6 13.e5 Bc7 14.Nb3 Ne7 15.Nc5 Qc8
16.Bg5 Bd8 17.f3 O-O 18.Ne2 Bg6 19.Rac1 a5 20.Rc3 Qc7 21.Rfc1 Nc8 22.Bxd8 Rxd8
23.Qd1 Ne7 24.Qd2 Rdb8 25.Ra3 Qd8 26.Rcc3 Nc8 27.Na4 Na7 28.Rc5 Rb4 29.Nac3
Rab8 30.b3 Nb5 31.Ra4 h6 32.Rxc6 Qh4 33.Nxb5 R8xb5 34.Rxb4 axb4 35.Rc1 Qe7
36.Rc8+ Kh7 37.Ra8 Rb7 38.Ra4 Rc7 39.Qxb4 Qg5 40.f4 Qh5 41.Qe1 Qf5 42.Qf2 Qb1+
43.Kh2 Qb2 44.f5 Bxf5 45.Qe3 Rc2 46.Nf4 g5 {#R} 0-1